Jánošíkove dni v Terchovej 31. júl-3. august 2008

Bibliographic Details
Other Authors: Cabadaj, Peter, 1966- (Compiler), Kosec, Milan (Photographer), Köhler, Richard (Photographer)
Format: Book
Language:Slovak
PhysicalDescription:1 zlož. l. ([8] s.) fotogr. 15 x 60 cm, po zlož. 15 x 15 cm
Published: Terchová Obecný úrad 2008
ISBN:(brož.)
Edition:[1. vyd.]
Subjects:

MARC

LEADER 00000nam a2200000 a 4500
001 vtls010429159
003 SK-MaSNL
005 20260301132709.0
008 120612s2008 xo o g 000 0 slo
020 |a (brož.) 
040 |a SNK  |b slo  |c SNK  |e AACR2 
041 0 |a slo 
044 |a xo  |c SK 
072 7 |a 394  |x Verejný a spoločenský život. Každodenný život  |2 konspekt 
080 |a 394.2:398  |2 2001 
080 |a (437.6)  |2 2001 
080 |a (083.97)  |2 2001 
245 0 0 |a Jánošíkove dni v Terchovej  |b 31. júl-3. august 2008  |c [zostavil a zredigoval: Peter Cabadaj ; fotografie: Milan Kosec, Richard Köhler] 
250 |a [1. vyd.] 
260 |a Terchová  |b Obecný úrad  |c 2008 
300 |a 1 zlož. l. ([8] s.)  |b fotogr.  |c 15 x 60 cm, po zlož. 15 x 15 cm 
500 |a 1 skladačka 
500 |a Názov z obalu 
611 2 7 |a Jánošíkove dni  |n (46. :  |d 2008 :  |c Terchová, Slovensko)  |2 SNKKA  |9 483902 
650 0 7 |a folklórne festivaly  |2 SNKPH  |9 29324 
650 0 7 |a Folklore festivals  |2 SNKPHeng  |9 330882 
651 7 |a Terchová (Slovensko)  |2 SNKPH  |9 68835 
651 7 |a Terchová (Slovakia)  |2 SNKPHeng  |9 332206 
655 7 |a programy podujatí  |2 SNKPH  |9 70446 
655 7 |a Programs for events  |2 SNKPHeng  |9 483903 
700 1 |a Cabadaj, Peter,  |d 1966-  |4 com  |4 red  |9 98153 
700 1 |a Kosec, Milan  |4 pht  |9 5870 
700 1 |a Köhler, Richard  |4 pht  |9 63103 
999 |c 751683  |d 753613 
952 |a SNK  |b SNK  |y PREZ  |7 0  |p 17A0954555  |o snkOSE 4761  |i snk2012/11430  |8 1  |0 0  |1 0  |4 0  |d 2012-06-12  |l 0  |r 2026-02-23 23:35:20  |w 2026-02-23